Library of the University of Algiers 3
Ibrahim Sultan Cheibout
شعار جامعة الجزائر 3
مكتبة جامعة الجزائر 3
إبراهيم سلطان شيبوط

المحاسبة المتوسطة : (رقم التسجيلة. 42715)

تفاصيل مارك
000 -LEADER
fixed length control field 01241nam a2200217Ia 4500
003 - CONTROL NUMBER IDENTIFIER
control field Ost
005 - DATE AND TIME OF LATEST TRANSACTION
control field 20260507075054.0
008 - FIXED-LENGTH DATA ELEMENTS--GENERAL INFORMATION
fixed length control field 260507s9999||||xx |||||||||||||| ||und||
040 ## - CATALOGING SOURCE
Transcribing agency fsecg
041 ## - LANGUAGE CODE
Language code of text/sound track or separate title ara
082 ## - DEWEY DECIMAL CLASSIFICATION NUMBER
Classification number 657
100 ## - MAIN ENTRY--PERSONAL NAME
Personal name الصبان، محمد سمير
Relator term مؤلف
245 #0 - TITLE STATEMENT
Title المحاسبة المتوسطة :
Remainder of title الاسس العلمية للقياس و الافصاح المحاسبي /
Statement of responsibility, etc. محمد سمير الصبان
260 ## - PUBLICATION, DISTRIBUTION, ETC.
Place of publication, distribution, etc. الاسكندرية:
Name of publisher, distributor, etc. الدار الجامعية,
Date of publication, distribution, etc. 200
300 ## - PHYSICAL DESCRIPTION
Extent 401 صفحة؛
Dimensions 24 سم
520 ## - SUMMARY, ETC.
Summary, etc. تجد في هذا الكتاب مرحلة اقتناء الأصل الثابت ،مرحلة استخدام الأصل الثابت ، مرحلة التخلص من الأصل الثابت ،الأصول الغير ملموسة ،الموارد الضعيفة ، المحاسبة عن الإستثمارات -الإلتزامات طويلة الأجل ،في بعض المشاكل المرتبطة بالمخون السلعي ،في قياس الإرادات محاسبيا ، أسئلة وتمارين لكل فصل .
653 ## - INDEX TERM--UNCONTROLLED
Uncontrolled term القياس
653 ## - INDEX TERM--UNCONTROLLED
Uncontrolled term المحاسبة
700 ## - ADDED ENTRY--PERSONAL NAME
Personal name هلال، عبد الله
Relator term مؤلف ثانوي
942 ## - ADDED ENTRY ELEMENTS (KOHA)
Koha item type كتب
المقتنيات
Withdrawn status Lost status Source of classification or shelving scheme Damaged status Not for loan Home library Current library Date acquired Serial enumeration / chronology Inventory number Total checkouts Full call number Barcode Date last seen Price effective from Koha item type
    Dewey Decimal Classification   NOT LOAN / إعارة داخلية مكتبة كلية العلوم الإقتصادية والعلوم التجارية وعلوم التسيير مكتبة كلية العلوم الإقتصادية والعلوم التجارية وعلوم التسيير 07/05/2026 الطابق الأرضي 727/1   أ/727ن1 727/1 07/05/2026 07/05/2026 كتب

موارد الويب المفتوحة


© University of Algiers 3 All Rights Reserved
|
Implemented by LECHELAH Riad